000 01016nam a22003497a 4500
001 0005169
003 KOHA_MİRAKIL
005 20260207001434.0
007 ta
008 090508b1994 tu |||gr||||#||||0|tur |
020 _a9754832560
_c0,01
040 _aTR-BiSEU
_btur
_cTR-BiSEU
_erda
041 0 _atur
044 _ctu
050 _aTD370
_b.T86 1994
100 1 _aTuncay, Hüseyin.
245 1 _aSu kalitesi/
_cHüseyin Tuncay ; Hüseyin Tuncay.
264 1 _aİzmir :
_bEge Üniversitesi Ziraat Fakültesi,1994.
_c1994
300 _aXIII, 243 sayfa: resimli
336 _ametin
_btxt
_2rdacontent
337 _aaracısız
_bn
_2rdamedia
338 _acilt
_bnc
_2rdacarrier
490 1 _aEge Üniversitesi.
490 1 _a Ziraat Fakültesi yayınları ;
_vno.
490 1 _a512.
500 _aKaynakça var.
650 0 _aSu kalitesi.
_912364
830 1 _aEge Üniversitesi.
_912365
830 1 _a Ziraat Fakültesi yayınları ;
_vno.
_912366
830 1 _a512.
_912367
942 _2lcc
_cBK
999 _c5151
_d5151